| 000 | 01114cam a22003251 4500 | ||
|---|---|---|---|
| 001 | 3120405 | ||
| 003 | OSt | ||
| 005 | 20140405092636.0 | ||
| 008 | 851001s1968 nyua j 000 1 eng | ||
| 010 | _a 68011066 | ||
| 020 | _a0590454412 | ||
| 040 |
_aDLC _cDLC _dDLC |
||
| 042 | _alcac | ||
| 050 | 0 | 0 |
_aPZ 8.1 _b.M478 2001 |
| 100 | 1 |
_aMcGovern, Ann. _95437 |
|
| 245 | 1 | 0 |
_aRobin Hood of Sherwood Forest. _cTold by Ann McGovern. Illustrated by Arnold Spilka. |
| 260 |
_aNew York, _bScholastic., _cc1968. |
||
| 300 |
_a127 p. _bill. _c21 cm. |
||
| 520 | _aTen adventures of the legendary outlaw who, with his band, vowed to bring woe to both the greed rich and those without mercy, and to help the innocent and good-hearted. | ||
| 521 | _aG10 | ||
| 526 | _c1050 | ||
| 562 | _e2 | ||
| 650 | 0 |
_aRobin Hood (Legendary character) _xLegends. _95438 |
|
| 650 | 1 |
_aRobin Hood (Legendary character) _xLegends. _95439 |
|
| 700 | 1 |
_aSpilka, Arnold, _eillus. _95440 |
|
| 730 | 0 |
_aRobin Hood (Legend). _lEnglish. _95441 |
|
| 906 |
_a7 _bcbc _corignew _du _eocip _f19 _gy-gencatlg |
||
| 942 |
_2lcc _cBK |
||
| 999 |
_c42948 _d42948 |
||